| 000 | 00777nam a2200229 4500 | ||
|---|---|---|---|
| 001 | 113941 | ||
| 003 | ES-MaACL | ||
| 005 | 20230906190035.0 | ||
| 007 | t| | ||
| 008 | 061121s1974 sp r ||||1| spa d | ||
| 020 | _a84-600-6303-8 | ||
| 080 | _a338(467.1 B.)(091) | ||
| 245 | 0 | 0 | _aPáginas de la historia económica de Barcelona. |
| 260 |
_aBarcelona : _bCaja de Ahorros Provincial de la Diputación, _c1974. |
||
| 300 |
_a278 p. : _bil. ; _c21 cm. |
||
| 490 | 1 |
_aDivulgación histórica de Barcelona ; _v14 |
|
| 651 | 4 |
_aBarcelona- _xSituación económica- _xHistoria. _9165949 |
|
| 710 | 2 |
_aCaja de Ahorros Provincial de Barcelona. _9173300 |
|
| 830 | 1 |
_aDivulgación histórica de Barcelona ; _v14 _9233224 |
|
| 852 |
_aES-MaACL _jE-6653 |
||
| 999 |
_c113941 _d113941 |
||